Trh spotrebných tovarov z pohľadu environmentálnych požiadaviek

Salvato in:
Dettagli Bibliografici
Autore principale: Strhan, Rastislav, 1968-
Natura: Capitolo di libro
Lingua:slovacco
Tags: Aggiungi Tag
Nessun Tag, puoi essere il primo ad aggiungerne!!

MARC

LEADER 00000naa$a2200000$$$4500
001 0157185
005 20221207123958.9
041 0 |a slo 
044 |a SK 
245 1 0 |a Trh spotrebných tovarov z pohľadu environmentálnych požiadaviek  |c Rastislav Strhan 
100 1 |a Strhan, Rastislav, 1968-